| 000 | 06570cam a2201237 a 4500 | ||
|---|---|---|---|
| 999 | _c57398 | ||
| 001 | 9863612 | ||
| 003 | LIBRIS | ||
| 005 | 20210412124251.0 | ||
| 008 | 050420s2005 sw ||||j||||||000 1|swe| | ||
| 020 |
_a9129658942 _qinb. |
||
| 035 | _a(Bo)374051 | ||
| 035 | _a(Mo)b1563681 | ||
| 040 |
_aLGEN _dNB _ea |
||
| 041 | _aswe | ||
| 082 | 0 | 4 |
_a839.71 _222 (machine generated) |
| 084 |
_aHc.03,u _2kssb/7 |
||
| 084 |
_aHcf(yb) _2kssb/8 |
||
| 084 |
_aHcf(yb) _2kssb/8 |
||
| 084 |
_aHcf.03 _2kssb/7 |
||
| 100 | 1 |
_aBergenholtz, Björn, _d1962- _4aut _0https://libris.kb.se/xv8cj49g01fxcn6#it |
|
| 245 | 1 | 0 |
_aMormors lilla kråka / _cBjörn Bergenholtz. |
| 264 | 1 |
_aStockholm : _bRabén & Sjögren, _c2005 |
|
| 264 | 3 | _aItalien | |
| 300 |
_a[40] s. _bfärgill. _c22 x 24 cm |
||
| 500 | _aOriginalupplaga 2005 | ||
| 500 | _a2. tr., 2005 | ||
| 500 |
_5Bo _aAnnan upplaga kan finnas vid biblioteket |
||
| 500 |
_5Hagf _aAnnan upplaga kan finnas vid biblioteket |
||
| 500 |
_5Li _aPliktex. |
||
| 500 |
_5Mo _aOriginalupplaga |
||
| 500 |
_5Mo _asvenska |
||
| 520 | _aEn dag hittar mormor en död kråka. Den har förmodligen ätit av giftiga bär. Efter en stund hittar mormor en liten övergiven fågelunge. Hon tar med sig den hem. Mormor har många idéer om hur kråkan skall bli, men ingenting stämmer. Hur är en kråka när den är som bäst, undrar mormor? Kråkan själv försöker bara vara som han är... En härlig rimmad berättelse, som hämtat sin inspiration ur sången om Mormors lilla kråka. [Barnbokskatalogen] | ||
| 650 | 7 |
_aKråkor _vbarn- och ungdomslitteratur _2barn |
|
| 650 | 7 |
_aDjurungar _vbarn- och ungdomslitteratur _2barn |
|
| 650 | 7 |
_aDjur och människor _vbarn- och ungdomslitteratur _2barn |
|
| 650 | 7 |
_aFörmänskligade djur _vbarn- och ungdomslitteratur _2barn |
|
| 650 | 7 |
_aDjurungar _vbarn- och ungdomslitteratur _2barn |
|
| 650 | 7 |
_aDjur och människor _vbarn- och ungdomslitteratur _2barn |
|
| 650 | 7 |
_aFörmänskligade djur _vbarn- och ungdomslitteratur _2barn |
|
| 650 | 7 |
_aKråkor _vbarn- och ungdomslitteratur _2barn |
|
| 655 | 7 |
_aBilderböcker _0https://id.kb.se/term/barngf/Bilderb%C3%B6cker _2barngf |
|
| 655 | 7 |
_aRim _0https://id.kb.se/term/barngf/Rim _2barngf |
|
| 655 | 4 |
_5Mo _aBilderbok |
|
| 887 |
_a{"@id":"q710wcm21vdngsz","modified":"2018-10-30T23:00:00+01:00","checksum":"99125217527"} _2librisxl |
||
| 887 |
_a{"@id":"8dl8c71f20rrnj9","modified":"2014-08-25T10:56:17+02:00","checksum":"188443068016"} _2librisxl |
||
| 887 |
_a{"@id":"gltqgd4m11wntzh","modified":"2016-01-25T11:21:56+01:00","checksum":"157073886610"} _2librisxl |
||
| 887 |
_a{"@id":"7ck6mtjd5g4gxw4","modified":"2014-04-01T11:19:59+02:00","checksum":"158635256235"} _2librisxl |
||
| 887 |
_a{"@id":"rw2wrs3x2hz1h55","modified":"2005-10-18T09:07:47+02:00","checksum":"106807360324"} _2librisxl |
||
| 887 |
_a{"@id":"pt104hsv2vnm28q","modified":"2008-08-20T12:40:42+02:00","checksum":"165438109174"} _2librisxl |
||
| 887 |
_a{"@id":"bgmggsvh45nckfr","modified":"2017-02-07T11:45:32+01:00","checksum":"113665736591"} _2librisxl |
||
| 887 |
_a{"@id":"glsbnpmm0xqk1bs","modified":"2013-07-02T10:38:55+02:00","checksum":"152664520111"} _2librisxl |
||
| 887 |
_a{"@id":"9flf85dg5nhx9qr","modified":"2005-09-30T08:17:50+02:00","checksum":"142768711617"} _2librisxl |
||
| 887 |
_a{"@id":"7ckdgjjd2mxgtpl","modified":"2005-12-07T13:34:28+01:00","checksum":"173282720731"} _2librisxl |
||
| 887 |
_a{"@id":"x272w5w331qzjmb","modified":"2009-12-15T12:53:51+01:00","checksum":"162548624487"} _2librisxl |
||
| 887 |
_a{"@id":"chqj1ffj4dl7vkq","modified":"2015-06-22T10:01:29+02:00","checksum":"168381353392"} _2librisxl |
||
| 887 |
_a{"@id":"fkrrcvpl2bzvzcc","modified":"2009-03-03T15:00:29+01:00","checksum":"178035662131"} _2librisxl |
||
| 887 |
_a{"@id":"9flf8lfg1q73mcw","modified":"2005-09-21T14:06:38+02:00","checksum":"164623531838"} _2librisxl |
||
| 887 |
_a{"@id":"w161rqd22w9g59w","modified":"2005-09-09T14:19:25+02:00","checksum":"169124188370"} _2librisxl |
||
| 887 |
_a{"@id":"v050f83102m541l","modified":"2005-04-20T14:03:21+02:00","checksum":"167028902702"} _2librisxl |
||
| 887 |
_a{"@id":"7cjc38cd48n58f6","modified":"2005-09-13T14:23:19+02:00","checksum":"117869732640"} _2librisxl |
||
| 887 |
_a{"@id":"bp4x7xwg8f4w0r6k","modified":"2021-03-17T10:40:47.301+01:00","checksum":"155118865252"} _2librisxl |
||
| 887 |
_a{"@id":"x27226p31k6ckxl","modified":"2005-11-21T15:11:37+01:00","checksum":"165800749131"} _2librisxl |
||
| 887 |
_a{"@id":"tz59qj704xhrwr6","modified":"2010-09-06T11:23:01+02:00","checksum":"113114617332"} _2librisxl |
||
| 942 |
_2z _cBOOK |
||